000 00306nam a22001337a 4500
008 170407b xxu||||| |||| 00| 0 eng d
020 _a9780683302202
041 _aeng
080 _22ND
_a616
100 _a9
101 _aSHM
245 _aPATHOPHYSIOLOGY OF HEART DISEASE
_cLILLY, L.S
942 _2udc
_cBK
999 _c10113
_d10113